Score 0/13 Timer 07:00
0 Plays Today
Election Year VP Candidate % Correct
2008Sarah Palin
97.3%
1992Dan Quayle
91.8%
1980Walter Mondale
90.1%
2004John Edwards
88.4%
2000Joseph Lieberman
87.7%
1984Geraldine Ferraro
84.2%
1996Jack Kemp
80.1%
1976Bob Dole
72.9%
1988Lloyd Bentsen
68.5%
1972Sargent Shriver
63%
1960Henry Cabot Lodge
60.3%
1968Edmund S. Muskie
54.5%
1964William E. Miller
45.5%
Remove Ads.
Support Sporcle.
Get the best of Sporcle when you Go Orange. This ad-free experience offers more features, more stats, and more fun while also helping to support Sporcle. Thank you for becoming a member.

You're not logged in!

Compare scores with friends on all Sporcle quizzes.
OR
Log In

Show Comments

Extras

Top Quizzes Today


Score Distribution

Your Account Isn't Verified!

In order to create a playlist on Sporcle, you need to verify the email address you used during registration. Go to your Sporcle Settings to finish the process.

Report this User

Report this user for behavior that violates our Community Guidelines.

Details: